|
|
|
|
| LEADER |
02117nam a2200553 i 4500 |
| 001 |
nkc20203245359 |
| 003 |
CZ PrNK |
| 005 |
20201103075439.0 |
| 007 |
ta |
| 008 |
200904s2019 xr a f 000 0 slo |
| 015 |
|
|
|a cnb003245359
|
| 020 |
|
|
|a 978-80-263-1527-8
|q (brožováno)
|
| 035 |
|
|
|a (OCoLC)1204254174
|
| 040 |
|
|
|a BOA001
|b cze
|e rda
|
| 043 |
|
|
|a e-xo---
|
| 045 |
|
|
|a y-y-
|
| 072 |
|
7 |
|a 005
|x Management. Řízení
|2 Konspekt
|9 4
|
| 080 |
|
|
|a 005.95/.96:005.52
|2 MRF
|
| 080 |
|
|
|a 336.7
|2 MRF
|
| 080 |
|
|
|a (437.6)
|2 MRF
|
| 080 |
|
|
|a (048.8:082)
|2 MRF
|
| 100 |
1 |
|
|a Václav, Igor
|7 ola2016922129
|4 aut
|
| 245 |
1 |
0 |
|a Personálny audit vo finančných inštitúciách v Slovenskej republike /
|c Václav Igor, Horváth Marian, Kaiser Tomáš, Krásna Slávka
|
| 264 |
|
1 |
|a Brno :
|b Tribun,
|c 2019
|
| 300 |
|
|
|a 144 stran :
|b ilustrace (převážně barevné) ;
|c 21 cm
|
| 336 |
|
|
|a text
|b txt
|2 rdacontent
|
| 337 |
|
|
|a bez média
|b n
|2 rdamedia
|
| 338 |
|
|
|a svazek
|b nc
|2 rdacarrier
|
| 500 |
|
|
|a 120 výtisků
|
| 504 |
|
|
|a Obsahuje bibliografii a bibliografické odkazy
|
| 648 |
|
7 |
|a 21. století
|7 ch460559
|2 czenas
|
| 650 |
0 |
7 |
|a personální audit
|7 ph925077
|z Slovensko
|y 21. století
|2 czenas
|
| 650 |
0 |
7 |
|a personální audit
|7 ph925077
|x metodologie
|2 czenas
|
| 650 |
0 |
7 |
|a finanční instituce
|7 ph114549
|z Slovensko
|2 czenas
|
| 650 |
0 |
9 |
|a human resources audit
|z Slovakia
|y 21st century
|2 eczenas
|
| 650 |
0 |
9 |
|a human resources audit
|x methodology
|2 eczenas
|
| 650 |
0 |
9 |
|a financial institutions
|z Slovakia
|2 eczenas
|
| 655 |
|
7 |
|a kolektivní monografie
|7 fd501537
|2 czenas
|
| 655 |
|
9 |
|a collective monographs
|2 eczenas
|
| 700 |
1 |
|
|a Horváth, Marian
|7 ola2016922127
|4 aut
|
| 700 |
1 |
|
|a Kaiser, Tomáš
|4 aut
|
| 700 |
1 |
|
|a Krásna, Slávka
|7 ola2014838865
|4 aut
|
| 910 |
2 |
|
|a BOA001
|b 2-1451.390
|
| 928 |
9 |
|
|a Tribun EU
|
| 990 |
|
|
|a BK
|
| 995 |
|
|
|a 01
|
| 991 |
|
|
|b 202009
|c NOV
|
| 996 |
6 |
|
|b 2610838040
|c 2-1451.390
|l MZK
|r Sklad / do 1 hodiny
|n 0
|p p.v.
|w 001823806
|u 000010
|a 1
|e BOA001
|j MZK50
|s P
|
| 996 |
7 |
|
|b 2610838041
|c 2-1451.390
|l MZK
|r Sklad / do 1 hodiny
|n 0
|p p.v.
|w 001823806
|u 000020
|a 1
|e BOA001
|j MZK50
|s A
|